The Simpsons Character Picture Quiz - Statistics

General Stats
  • This quiz has been taken 797 times
  • The average score is 13 of 16
Answer Stats
Picture Answer % Correct
Homer Simpson
100%
Bart Simpson
99%
Lisa Simpson
98%
Marge Simpson
98%
Maggie Simpson
95%
Ned Flanders
90%
Apu Nahasapeemapetilon
86%
Krusty the Clown
85%
Mr. Burns
85%
Seymour Skinner
83%
Sideshow Bob
82%
Abraham Simpson
80%
Barney Gumble
78%
Waylon Smithers
74%
Chief Clancy Wiggum
69%
Otto Mann
48%
No matching quizzes found
Score Distribution
Percent of People with Each Score
Percentile by Number Answered
Your Score History
You have not taken this quiz